|
|
|
|
| LEADER |
00000nas a2200000 a 4500 |
| 001 |
ssj0002434 |
| 003 |
WaSeSS |
| 005 |
20200512172242.0 |
| 006 |
m d |
| 007 |
cr n |
| 008 |
010223c19789999cauqr pssdo 0 a0eng c |
| 010 |
|
|
|a 2001214637
|
| 016 |
7 |
|
|a 022143998
|2 DE-101
|
| 016 |
7 |
|
|a 2054949-0
|2 DE-600
|
| 022 |
|
|
|a 1533-8576
|l 0272-3433
|y 0272-3433
|
| 035 |
|
|
|a (WaSeSS)ssj0002434
|
| 037 |
|
|
|b University of California Press, 2000 Center St., Ste. 303, Berkeley, CA 94704-1223
|c $92.00(institution)
|
| 040 |
|
|
|a NSD
|b eng
|c NSD
|d OCLCQ
|d F#A
|d EYM
|d UQ1
|d EEM
|d OCLCQ
|d GBVCP
|d OCLCQ
|d OCLCO
|d OCLCF
|d OCLCO
|d VT2
|d OCLCQ
|d OCL
|d OCLCO
|d DEBBG
|d GILDS
|d OCLCO
|d AU@
|d AUD
|d OCLCE
|d CUS
|d WaSeSS
|
| 042 |
|
|
|a nsdp
|a pcc
|
| 043 |
|
|
|a n-us---
|
| 050 |
1 |
4 |
|a HN1
|
| 060 |
0 |
0 |
|a W1
|b PU617
|
| 082 |
1 |
0 |
|a 905
|2 13
|
| 210 |
0 |
|
|a Public hist.
|b (Online)
|
| 222 |
|
0 |
|a Public historian
|b (Online)
|
| 245 |
0 |
4 |
|a The public historian
|h [electronic resource].
|
| 260 |
|
|
|a Santa Barbara, Calif. :
|b Graduate Program in Public Historical Studies, Dept. of History, University of California,
|c 1978-
|
| 310 |
|
|
|a Quarterly
|
| 362 |
0 |
|
|a Vol. 1, no. 1 (fall 1978)-
|
| 500 |
|
|
|a Published: Berkeley, Calif. : University of California Press, winter 1981-
|
| 500 |
|
|
|a Title from cover (JSTOR, viewed June 14, 2006).
|
| 506 |
|
|
|a License restrictions may limit access.
|
| 538 |
|
|
|a Mode of access: World Wide Web.
|
| 588 |
|
|
|a Latest issue consulted: Vol. 24, no. 4 (fall 2002) (JSTOR, viewed June 14, 2006).
|
| 650 |
|
0 |
|a Social history
|v Periodicals.
|
| 650 |
|
0 |
|a Social sciences
|z United States
|x History
|v Periodicals.
|
| 650 |
|
7 |
|a Social conditions
|2 fast
|0 (OCoLC)fst01919811
|
| 650 |
|
7 |
|a Social history.
|2 fast
|0 (OCoLC)fst01122498
|
| 650 |
|
7 |
|a Social sciences.
|2 fast
|0 (OCoLC)fst01122877
|
| 650 |
|
7 |
|a Politique publique.
|2 rasuqam
|
| 650 |
|
7 |
|a Recherche.
|2 rasuqam
|
| 650 |
|
7 |
|a Environnement.
|2 rasuqam
|
| 650 |
|
7 |
|a Conservation (Environnement)
|2 rasuqam
|
| 650 |
|
7 |
|a Condition sociale.
|2 rasuqam
|
| 650 |
|
7 |
|a Culture.
|2 rasuqam
|
| 650 |
|
7 |
|a Histoire.
|2 rasuqam
|
| 651 |
|
0 |
|a United States
|x Social conditions
|v Periodicals.
|
| 651 |
|
7 |
|a United States.
|2 fast
|0 (OCoLC)fst01204155
|
| 651 |
|
7 |
|a États-Unis.
|2 rasuqam
|
| 655 |
|
0 |
|a Electronic journals.
|
| 710 |
2 |
|
|a University of California, Santa Barbara.
|b Graduate Program in Public Historical Studies.
|
| 776 |
0 |
8 |
|i Print version:
|t Public historian
|x 0272-3433
|w (DLC) 81640706
|w (OCoLC)4617561
|
| 856 |
4 |
0 |
|z Full text available from Research Library: 01/01/2002 to 07/31/2012
|u https://search.proquest.com/publication/49186
|